Subjects of Desire : (Record no. 585842)

MARC details
000 -LEADER
fixed length control field 00506nam a2200193 a 4500
008 - FIXED-LENGTH DATA ELEMENTS--GENERAL INFORMATION
fixed length control field 250906s1999##################000#0#eng##
020 ## - INTERNATIONAL STANDARD BOOK NUMBER
ISBN 9780231064514
082 04 - DEWEY DECIMAL CLASSIFICATION NUMBER
Classification number 128.3
Item number BUT
100 1# - MAIN ENTRY--AUTHOR NAME
Personal name Butler, Judith,
245 10 - TITLE STATEMENT
Title Subjects of Desire :
260 ## - PUBLICATION, DISTRIBUTION, ETC. (IMPRINT)
Name of publisher Columbia University Press,
Year of publication 1999.
300 ## - PHYSICAL DESCRIPTION
Number of Pages 306 pages
650 #0 - SUBJECT ADDED ENTRY--TOPICAL TERM
Topical Term Literary Criticism.
942 ## - ADDED ENTRY ELEMENTS (KOHA)
Koha item type English Books
Holdings
Withdrawn status Lost status Damaged status Not for loan Home library Current library Shelving location Date acquired Full call number Accession Number Price effective from Koha item type
        Anna Centenary Library Anna Centenary Library 3RD FLOOR, A WING 08.09.2025 128.3 BUT 166515 08.09.2025 English Books

Find us on the map